Catalog

Record Details

Catalog Search



Hemlock  Cover Image Book Book

Hemlock / Susan Wittig Albert.

Summary:

"From Susan Wittig Albert, the New York Times bestselling author of A Plain Vanilla Murder, comes a tightly crafted novel that juxtaposes the disappearance of a rare, remarkably illustrated 18th-century herbal with the true and all-too-human story of its gifted creator, Elizabeth Blackwell. Herbalist China Bayles' latest adventure takes her to the mountains of North Carolina, where her friend Dorothea Harper serves as the director and curator of the Hemlock House Library, a priceless collection of rare gardening books housed in a haunted mountainside mansion that once belonged to Sunny Carswell, a reclusive heiress. But the most valuable book--A Curious Herbal, created by Elizabeth Blackwell in the 1730s--is missing and Dorothea is under suspicion. China's search for the thief takes on a new urgency when she discovers Miss Carswell's bookseller, the victim of an attempted murder. Is his shooting connected with the theft? And there are other urgent questions: What is the Hemlock Guild? Who owns Socrates.com? Did Sunny Carswell really kill herself, or does her ghost have a different story to tell? And what is the real truth behind the many tantalizing mysteries of A Curious Herbal? Hemlock is a compelling mix of mystery and herb lore, past secrets and present sins, and characters who are as real as your friends and neighbors--in an absorbing novel that only Susan Wittig Albert could create"-- Amazon.com.

Record details

  • ISBN: 9781952558146
  • ISBN: 195255814X
  • ISBN: 9781952558153
  • ISBN: 1952558158
  • Physical Description: 312 pages ; 23 cm.
  • Publisher: Bertram, TX : Persevero Press, [2021]

Content descriptions

General Note:
Sequel to: A plain vanilla murder.
Subject: Rare books > Fiction.
Bayles, China (Fictitious character) > Fiction.
Herbalists > Fiction.
Women private investigators > Fiction.
North Carolina > Fiction.
FICTION / Mystery & Detective / Amateur Sleuth.
FICTION / Mystery & Detective / Women Sleuths.
Herbalists.
Rare books.
Women private investigators.
North Carolina.
Genre: Cozy mysteries.
Detective and mystery fiction.
Fiction.
Historical fiction.
Detective and mystery fiction.
Cozy mysteries.
Historical fiction.

LDR 03624cam a2200577Ii 4500
001156529
003SBPL
00520210914153906.0
008210812t20212021txu e 000 1 eng d
040 . ‡aRB0 ‡beng ‡erda ‡cRB0 ‡dOCLCO ‡dOI6 ‡dWIQ ‡dBDX ‡dHBP ‡dOCLCO ‡dOCO ‡dILC ‡dJTH ‡dTCH ‡dOCLCF ‡dOCLCO ‡dIMT
019 . ‡a1249751568
020 . ‡a9781952558146 ‡q(hardcover)
020 . ‡a195255814X ‡q(hardcover)
020 . ‡a9781952558153 ‡q(paperback)
020 . ‡a1952558158 ‡q(paperback)
035 . ‡a(OCoLC)1263695125 ‡z(OCoLC)1249751568
050 4. ‡aPS3551.L2637 ‡bH46 2021
08204. ‡a813/.54 ‡223
1001 . ‡aAlbert, Susan Wittig, ‡eauthor.
24510. ‡aHemlock / ‡cSusan Wittig Albert.
264 1. ‡aBertram, TX : ‡bPersevero Press, ‡c[2021]
264 4. ‡c©2021
300 . ‡a312 pages ; ‡c23 cm.
336 . ‡atext ‡btxt ‡2rdacontent
337 . ‡aunmediated ‡bn ‡2rdamedia
338 . ‡avolume ‡bnc ‡2rdacarrier
4901 . ‡aChina Bayles mysteries ; ‡v[28]
500 . ‡aSequel to: A plain vanilla murder.
520 . ‡a"From Susan Wittig Albert, the New York Times bestselling author of A Plain Vanilla Murder, comes a tightly crafted novel that juxtaposes the disappearance of a rare, remarkably illustrated 18th-century herbal with the true and all-too-human story of its gifted creator, Elizabeth Blackwell. Herbalist China Bayles' latest adventure takes her to the mountains of North Carolina, where her friend Dorothea Harper serves as the director and curator of the Hemlock House Library, a priceless collection of rare gardening books housed in a haunted mountainside mansion that once belonged to Sunny Carswell, a reclusive heiress. But the most valuable book--A Curious Herbal, created by Elizabeth Blackwell in the 1730s--is missing and Dorothea is under suspicion. China's search for the thief takes on a new urgency when she discovers Miss Carswell's bookseller, the victim of an attempted murder. Is his shooting connected with the theft? And there are other urgent questions: What is the Hemlock Guild? Who owns Socrates.com? Did Sunny Carswell really kill herself, or does her ghost have a different story to tell? And what is the real truth behind the many tantalizing mysteries of A Curious Herbal? Hemlock is a compelling mix of mystery and herb lore, past secrets and present sins, and characters who are as real as your friends and neighbors--in an absorbing novel that only Susan Wittig Albert could create"-- ‡cAmazon.com.
650 0. ‡aRare books ‡vFiction.
60010. ‡aBayles, China ‡c(Fictitious character) ‡vFiction.
650 0. ‡aHerbalists ‡vFiction.
650 0. ‡aWomen private investigators ‡vFiction.
651 0. ‡aNorth Carolina ‡vFiction.
650 7. ‡aFICTION / Mystery & Detective / Amateur Sleuth. ‡2bisacsh
650 7. ‡aFICTION / Mystery & Detective / Women Sleuths. ‡2bisacsh
650 7. ‡aHerbalists. ‡2fast ‡0(OCoLC)fst00955320
650 7. ‡aRare books. ‡2fast ‡0(OCoLC)fst01090104
650 7. ‡aWomen private investigators. ‡2fast ‡0(OCoLC)fst01178427
651 7. ‡aNorth Carolina. ‡2fast ‡0(OCoLC)fst01204304
655 7. ‡aCozy mysteries. ‡2fast ‡0(OCoLC)fst02010328
655 7. ‡aDetective and mystery fiction. ‡2fast ‡0(OCoLC)fst01726581
655 7. ‡aFiction. ‡2fast ‡0(OCoLC)fst01423787
655 7. ‡aHistorical fiction. ‡2fast ‡0(OCoLC)fst01726640
655 7. ‡aDetective and mystery fiction. ‡2lcgft
655 7. ‡aCozy mysteries. ‡2lcgft
655 7. ‡aHistorical fiction. ‡2lcgft
8001 . ‡aAlbert, Susan Wittig. ‡tChina Bayles mysteries ; ‡v28.
938 . ‡aBrodart ‡bBROD ‡n129648914
994 . ‡aZ0 ‡bMWL
948 . ‡hNO HOLDINGS IN MWL - 371 OTHER HOLDINGS
901 . ‡a156529 ‡b ‡c156529 ‡tbiblio

Additional Resources